| 000 | 00397nam a2200169Ia 4500 | ||
|---|---|---|---|
| 008 | 210210b1928 xxu||||| |||| 00| 0 eng d | ||
| 041 | _aeng | ||
| 082 | _a825/645 | ||
| 100 | _aPATER (Waltera) | ||
| 245 | _aPlato and platonism | ||
| 260 |
_aLondon _bMacmillan & Co. Ltd. _c1928 |
||
| 650 | _aplatonism | ||
| 650 | _aPlato | ||
| 650 | _aand | ||
| 690 | _aEnglish Criticism | ||
| 906 | _a014961 | ||
| 999 |
_c134191 _d134191 |
||